Carnet de Conducteur de Travaux

I tiakina i:
Ngā taipitopito rārangi puna kōrero
Kaituhi matua: Vasselon, F (Author)
Hōputu: Pukapuka
Reo:Wīwī
I whakaputaina: París Ch. Béranger 1905
Putanga:10a. ed
Ngā marau:
Ngā Tūtohu: Tāpirihia he Tūtohu
Kāore He Tūtohu, Me noho koe te mea tuatahi ki te tūtohu i tēnei pūkete!

MARC

LEADER 00000nam a2200000 a 4500
001 UCG5712
003 CL-VaPUC
008 110317e19050000FR |||||||||||||||||fre|d
082 0 4 |a 624  |b VAS  |2 21 
100 0 |a Vasselon, F  |e author  |9 555457 
245 1 0 |a Carnet de Conducteur de Travaux 
250 |a 10a. ed 
300 |a 310 p 
942 |c BK 
945 |d 20110317 00:00:00  |a jcampos 
260 |a París  |b Ch. Béranger  |c 1905 
650 0 |a Ingeniería civil  |9 260076 
650 0 |a Construcción de edificios   |9 389370 
650 0 |a Estructuras metálicas  |9 265870 
583 |a last modification  |c 20110317 00:00:00  |k Rodrigo Vera 
999 |c 344094  |d 344092 
952 |0 0  |1 0  |4 0  |6 624_000000000000000_VAS_1905  |7 0  |8 X  |9 441885  |a FDOBUD  |b FDOBUD  |d 2019-11-22  |i 4737342  |o 624 VAS 1905  |p 4737342  |r 2019-11-22  |w 2019-11-22  |y BK_X  |k BUD